Popular Portuguese Verbs Vocabulary Quiz - Statistics

General Stats
  • This quiz has been taken 2,614 times
  • The average score is 68 of 94
Answer Stats
English Português % Correct
to love amar
91%
to drink beber
90%
to eat comer
90%
to open abrir
89%
to sing cantar
87%
to be estar
87%
to speak falar
87%
to help ajudar
86%
to buy comprar
86%
to walk andar
85%
to sleep dormir
85%
to run correr
84%
to go ir
84%
to learn aprender
83%
to dance dançar
83%
to give dar
83%
to think pensar
83%
to continue continuar
82%
to live morar
82%
to pay pagar
82%
to want querer
82%
to use usar
82%
to read ler
81%
to visit visitar
81%
to decide decidir
80%
to enter entrar
80%
to make fazer
80%
to know saber
80%
to work trabalhar
80%
to understand entender
79%
to prepare preparar
79%
to arrive chegar
78%
to count contar
78%
to defend defender
78%
to sell vender
78%
to hug abraçar
77%
to say dizer
77%
to write escrever
77%
to wait esperar
77%
to study estudar
77%
to admit admitir
76%
to cook cozinhar
76%
to exist existir
76%
to wash lavar
76%
to lose perder
76%
to win ganhar
75%
to touch tocar
75%
to travel viajar
75%
to complicate complicar
74%
to permit permitir
74%
to need precisar
74%
to rain chover
73%
to send enviar
73%
to explain explicar
73%
to leave deixar
72%
to show mostrar
72%
to remember lembrar
71%
to sit sentar
71%
to begin começar
70%
to confess confessar
70%
to lie mentir
70%
to die morrer
70%
to fall cair
69%
to analyze analisar
67%
to forget esquecer
67%
to practice praticar
67%
to contribute contribuir
66%
to destroy destruir
66%
to receive receber
66%
to discuss discutir
65%
to find encontrar
65%
to discover descobrir
64%
to listen ouvir
64%
to cost custar
62%
to spend gastar
62%
to ask for pedir
62%
to bring trazer
62%
to teach ensinar
61%
to cover cobrir
60%
to describe descrever
59%
to be able poder
59%
to bite morder
58%
to spy espiar
56%
to rent alugar
55%
to watch assistir
54%
to hunt caçar
54%
to suffer sofrer
54%
to break quebrar
53%
to go up subir
53%
to turn off apagar
52%
to look for procurar
52%
to owe dever
46%
to fear temer
44%
to heat up aquecer
43%
No matching quizzes found
Score Distribution
Percent of People with Each Score
Percentile by Number Answered
Your Score History
You have not taken this quiz